000 00628nam a2200193Ia 4500
005 20260114185653.0
008 008 260114s9999 xx 000 0 eng d
020 _a9781472553614
037 _aEBOOK
040 _aCRL
_beng
_cCRL
041 _aeng
_2eng
084 _qCRL
100 _aMitsuhide Imashiro and Tatsujiro Ishikawa
_9872935
245 4 _aThe Privatisation of Japanese National Railways Railway Management, Market and Policy
260 _bBloomsbury
_c2012
856 _uhttps://doi.org/10.5040/9781472553614?locatt=label:secondary_bloomsburyCollections
942 _cEBOOK
999 _c1471883
_d1471883